000 00518nam a22001817a 4500
003 BUBTL
008 191105b xxu||||| |||| 00| 0 eng d
082 _a345
100 _91825
_aDhaka Law Reports
245 _aDLR's 24-Year Criminal Digest (1988-2011) /
_cDhaka Law Reports
250 _a1st ed.
260 _aDhaka :
_bEsrarul Huq Chowdhury,
_cc2012
300 _axiv, 394 p. :
_c25 cm.
650 0 _926
_aLaw
856 _k0
_l0
_yDownload
942 _2ddc
_cBK
999 _c6139
_d6139